000
00300nam a22001337a 4500
008
180122b xxu||||| |||| 00| 0 eng d
020
_a
9781418001742
041
_a
eng
080
_a
37
100
_a
47
101
_a
EDU
245
_a
Administration in early education
_c
Jenkin,E
942
_2
udc
_c
BK
999
_c
40676
_d
40676